000 00560nam a22002297a 4500
003 UA-OsUOA
001 63066
007 ta
008 20090917b un ||||| |||| 00| 0 ukr d
100 _aПопєль О. Я.
090 _a241.61
_bП57
942 _cBK
040 _aUA-OsUOA
_bukr
_cUA-OsUOA
_dUA-OsUOA
245 _aРозмови про молитву
300 _a53 с.
955 _a2
041 _aukr
080 _a241.61
260 _aЛьвів-Луцьк
_c1997
650 7 _a2 Релігія. Теологія.
_2UDC
999 _c349158
_d349158